000 00675 a2200229 4500
005 20260416161134.0
008 260416b |||||||| |||| 00| 0 eng d
020 _a9781032613970 (pbk)
037 _cTB
040 _aCRL
_cCRL
041 _2eng
_aeng
084 _aY73(P6):(U42) R6
_qCRL
100 _aCodjoe, Henry M.
_91116008
245 _aUnderstanding the African Diaspora
260 _aLondon:
_bRoutledge,
_c2026.
300 _a422p.
365 _b5196.26
650 _aSociology
650 _aDiaspora
_91234991
942 _cTB
_2CC
_hY73(P6):(U42) R6
999 _c1679734
_d1679734